Click the Country: 'L' Cities Quiz Stats

 Plays Quiz Updated May 27, 2015

Challenge
Share
Tweet
Embed
Score 0/30 Timer 05:00
3 Plays Today
% Correct
United States
93.9%
United Kingdom
93.8%
Portugal
91.3%
Peru
89.9%
France
89.8%
Ireland
83.3%
China
82.3%
Germany
79.4%
Bolivia
79.2%
Slovenia
78.8%
Nigeria
73.5%
Switzerland
72.6%
Italy
71.9%
Norway
70.5%
Belgium
69.5%
% Correct
Poland
69.2%
Sweden
67.8%
Pakistan
57.8%
Mexico
53%
Angola
52.1%
Malawi
51.8%
Cyprus
51.1%
Zambia
49.2%
Togo
47.2%
Gabon
45.8%
India
40.3%
Democratic Republic of the Congo
38.6%
Costa Rica
37.6%
Papua New Guinea
27.4%
Fiji
19.6%

You're not logged in!

Compare scores with friends on all Sporcle quizzes.
OR
Log In

You Might Also Like...

Show Comments

Extras

Top Quizzes Today


Score Distribution

Your Account Isn't Verified!

In order to create a playlist on Sporcle, you need to verify the email address you used during registration. Go to your Sporcle Settings to finish the process.

Report this User

Report this user for behavior that violates our Community Guidelines.

Details: